000
00332nam a2200133Ia 4500
008
220216s9999 xx 000 0 und d
100
_a
Parkinson D
245
0
_a
Carbon black in rubber compounding
260
_b
IRI Transactions
_c
1940
300
_a
87-104
650
_a
Carbon black
650
_a
Rubber compounding
942
_c
JS
999
_c
55110
_d
55110